000 00496nam a2200181Ia 4500
003 OSt
005 20240611112703.0
008 210210b1957 xxu||||| |||| 00| 0 eng d
040 _cAL
041 _aKannada
082 _a859/1444
100 _aRAVINDRANATHA THAKURA
_9150030
_dರವೀಂದ್ರನಾಥ ಠಾಕೂರ
245 _aAtthe
_bಅತ್ತೆ
260 _aBengaluru
_bNetravati Prakashana
_c1957
690 _aKannada Fiction
_9150031
906 _a022177
942 _2ddc
_cBK
999 _c146281
_d146281